| 000 | 01721cam a22002295a 4500 | ||
|---|---|---|---|
| 001 | L153608 | ||
| 008 | 110809s2011 xxk f 000 0 eng d | ||
| 020 | _a9780470940150 | ||
| 035 | _a(Sirsi) u153608 | ||
| 041 | 0 | _aeng | |
| 110 | 2 |
_aConstruction Specifications Institute _95105 |
|
| 245 | 0 | 4 |
_aThe CSI construction contract administration practice guide _h[electronic resource] |
| 260 |
_bJohn Wiley & Sons Inc _c2011 |
||
| 300 | _aeBook | ||
| 505 | 2 | _a1 Introduction to Construction Contract Administration -- 2 Roles and Responsibilities -- 3 Preconstruction -- 4 Meetings -- 5 Submittals -- 6 Site Visits, Observations, and Inspections -- 7 Quality Assurance and Quality Control -- 8 Interpretations and Modifications -- 9 Executing the Work -- 10 Claims and Disputes -- 11 Measurement and Payment -- 12 Project Closeout -- 13 Developing a Construction Contract Administration Guide -- 14 Summary | |
| 520 | _aThis easy-to-follow guide offers invaluable tips all construction professionals can immediately put to use for improving the overall skill and efficiency of document preparation that accurately conveys stated goals, ensuring that all interested individuals receive fair representation throughout the entire construction process. Part of the CSI Practice Guides, a library of comprehensive references specifically and carefully designed for the construction professional. Each book examines important concepts and best practices integral to a particular aspect of the building process. | ||
| 650 | 2 | 4 | _aEBOOK |
| 651 | 4 | _aENGLAND AND WALES | |
| 690 | _aCONSTRUCTION CONTROL | ||
| 856 | 4 | 0 |
_uhttps://www.vlebooks.com/ _zView on VLEbooks. Logins for members only from [email protected] |
| 942 | _n0 | ||
| 999 |
_c112607 _d112607 |
||